[Event "World Youth & Cadets Blitz Championships"]
[Site "Rhodes, Greece"]
[Date "2022.05.03"]
[Round "9.7"]
[White "Olenik Campa, Rudi"]
[Black "Andreev, Konstantin"]
[Result "1-0"]
[TimeControl "5'/game & 2\"/move"]
[WhiteElo "2076"]
[BlackElo "1939"]

1. g3 {[%clk 00:05:03]} Nf6 {[%clk 00:05:03]} {[%emt 00:00:02]} 2. Bg2 {[%clk
00:05:04]} {[%emt 00:00:01]} d5 {[%clk 00:05:00]} {[%emt 00:00:05]} 3. d3
{[%clk 00:05:05]} {[%emt 00:00:02]} Bf5 {[%clk 00:04:53]} {[%emt 00:00:09]} 4.
Nd2 {[%clk 00:05:05]} {[%emt 00:00:02]} h6 {[%clk 00:04:52]} {[%emt 00:00:02]}
5. e4 {[%clk 00:05:01]} {[%emt 00:00:07]} dxe4 {[%clk 00:04:14]} {[%emt
00:00:40]} 6. dxe4 {[%clk 00:05:01]} {[%emt 00:00:01]} Bg4 {[%clk 00:04:15]} 7.
Ne2 {[%clk 00:04:37]} {[%emt 00:00:27]} e5 {[%clk 00:04:14]} {[%emt 00:00:02]}
8. O-O {[%clk 00:04:33]} {[%emt 00:00:05]} Bc5 {[%clk 00:04:14]} {[%emt
00:00:03]} 9. h3 {[%clk 00:04:22]} {[%emt 00:00:13]} Be6 {[%clk 00:04:14]}
{[%emt 00:00:02]} 10. b3 {[%clk 00:04:15]} {[%emt 00:00:09]} Nbd7 {[%clk
00:04:12]} {[%emt 00:00:04]} 11. Bb2 {[%clk 00:04:16]} {[%emt 00:00:02]} O-O
{[%clk 00:04:10]} {[%emt 00:00:03]} 12. Kh2 {[%clk 00:04:10]} {[%emt 00:00:07]}
Re8 {[%clk 00:03:35]} {[%emt 00:00:38]} 13. f4 {[%clk 00:04:08]} {[%emt
00:00:04]} exf4 {[%clk 00:03:35]} {[%emt 00:00:02]} 14. gxf4 {[%clk 00:04:01]}
{[%emt 00:00:08]} Nf8 {[%clk 00:03:28]} {[%emt 00:00:08]} 15. Qe1 {[%clk
00:03:42]} {[%emt 00:00:22]} Bd7 {[%clk 00:03:05]} {[%emt 00:00:25]} 16. Ng3
{[%clk 00:03:30]} {[%emt 00:00:15]} Bc6 {[%clk 00:02:29]} {[%emt 00:00:39]} 17.
Rd1 {[%clk 00:03:30]} {[%emt 00:00:01]} Bd7 {[%clk 00:01:54]} {[%emt 00:00:38]}
18. Nc4 {[%clk 00:03:25]} {[%emt 00:00:07]} Ng4+ {[%clk 00:01:54]} {[%emt
00:00:02]} 19. Kh1 {[%clk 00:03:03]} {[%emt 00:00:23]} b5 {[%clk 00:01:34]}
{[%emt 00:00:22]} 20. Ne5 {[%clk 00:02:48]} {[%emt 00:00:17]} Nxe5 {[%clk
00:01:33]} {[%emt 00:00:04]} 21. fxe5 {[%clk 00:02:36]} {[%emt 00:00:14]} Qg5
{[%clk 00:01:08]} {[%emt 00:00:26]} 22. Nf5 {[%clk 00:02:25]} {[%emt 00:00:13]}
Rad8 {[%clk 00:00:48]} {[%emt 00:00:23]} 23. Bc1 {[%clk 00:01:53]} {[%emt
00:00:33]} Qh5 {[%clk 00:00:41]} {[%emt 00:00:08]} 24. Qg3 {[%clk 00:01:29]}
{[%emt 00:00:26]} Bxf5 {[%clk 00:00:33]} {[%emt 00:00:11]} 25. Rxd8 {[%clk
00:01:30]} {[%emt 00:00:01]} Rxd8 {[%clk 00:00:32]} {[%emt 00:00:03]} 26. exf5
{[%clk 00:01:30]} {[%emt 00:00:02]} Rd1 {[%clk 00:00:29]} {[%emt 00:00:05]} 27.
Qg4 {[%clk 00:01:14]} {[%emt 00:00:18]} Qxg4 {[%clk 00:00:22]} {[%emt
00:00:10]} 28. hxg4 {[%clk 00:01:14]} {[%emt 00:00:01]} Rxf1+ {[%clk 00:00:21]}
{[%emt 00:00:02]} 29. Bxf1 {[%clk 00:01:15]} {[%emt 00:00:01]} Nd7 {[%clk
00:00:12]} {[%emt 00:00:12]} 30. Bf4 {[%clk 00:01:14]} {[%emt 00:00:02]} a6
{[%clk 00:00:08]} {[%emt 00:00:08]} 31. Bg2 {[%clk 00:01:13]} {[%emt 00:00:03]}
Kf8 {[%clk 00:00:06]} {[%emt 00:00:03]} 32. Bb7 {[%clk 00:01:12]} {[%emt
00:00:03]} Ke7 {[%clk 00:00:05]} {[%emt 00:00:03]} 33. Bxa6 {[%clk 00:01:06]}
{[%emt 00:00:08]} Bd4 {[%clk 00:00:04]} {[%emt 00:00:03]} 34. e6 {[%clk
00:01:00]} {[%emt 00:00:08]} fxe6 {[%clk 00:00:05]} {[%emt 00:00:02]} 35. fxe6
{[%clk 00:01:00]} {[%emt 00:00:02]} Kxe6 {[%emt 00:00:04]} 36. Bxc7 {[%clk
00:00:59]} b4 {[%clk 00:00:06]} {[%emt 00:00:02]} 37. Bc4+ {[%clk 00:00:56]}
{[%emt 00:00:03]} Ke7 {[%clk 00:00:07]} {[%emt 00:00:02]} 38. Bf4 {[%clk
00:00:54]} {[%emt 00:00:04]} Bc5 {[%clk 00:00:08]} {[%emt 00:00:02]} 39. Bd2
{[%clk 00:00:53]} {[%emt 00:00:02]} Ne5 {[%clk 00:00:09]} 40. Be2 {[%clk
00:00:54]} Kf6 {[%clk 00:00:08]} {[%emt 00:00:02]} 41. c3 {[%clk 00:00:55]}
{[%emt 00:00:02]} bxc3 {[%clk 00:00:07]} {[%emt 00:00:03]} 42. Bxc3 {[%clk
00:00:56]} {[%emt 00:00:01]} Ke6 {[%clk 00:00:08]} 43. a4 {[%clk 00:00:54]}
{[%emt 00:00:04]} Nc6 {[%clk 00:00:09]} {[%emt 00:00:01]} 44. Bc4+ {[%clk
00:00:54]} {[%emt 00:00:02]} Kd6 {[%clk 00:00:07]} {[%emt 00:00:01]} 45. Bxg7
{[%clk 00:00:55]} {[%emt 00:00:04]} Ne5 {[%clk 00:00:05]} {[%emt 00:00:04]} 46.
Be2 {[%clk 00:00:54]} {[%emt 00:00:02]} Nf7 {[%clk 00:00:05]} {[%emt 00:00:03]}
47. Bc3 {[%clk 00:00:55]} Ne5 {[%clk 00:00:05]} {[%emt 00:00:03]} 48. Bd2
{[%clk 00:00:50]} {[%emt 00:00:06]} Nf7 {[%clk 00:00:05]} {[%emt 00:00:02]} 49.
b4 {[%clk 00:00:49]} {[%emt 00:00:03]} Bd4 {[%clk 00:00:06]} 50. b5 {[%clk
00:00:48]} {[%emt 00:00:03]} Kc7 {[%clk 00:00:04]} {[%emt 00:00:04]} 51. a5
{[%clk 00:00:48]} {[%emt 00:00:02]} Kb7 {[%emt 00:00:03]} 52. Kg2 {[%clk
00:00:45]} {[%emt 00:00:05]} Nd6 {[%clk 00:00:03]} {[%emt 00:00:02]} 53. Bxh6
{[%clk 00:00:44]} {[%emt 00:00:03]} 1-0

[Event "World Youth & Cadets Blitz Championships"]
[Site "Rhodes, Greece"]
[Date "2022.05.03"]
[Round "9.8"]
[White "Tarhan, Adar"]
[Black "Chyzy, Jakub"]
[Result "0-1"]
[TimeControl "5'/game & 2\"/move"]
[WhiteElo "1802"]
[BlackElo "2002"]

1. d4 {[%clk 00:05:03]} {[%emt 00:00:02]} Nf6 {[%clk 00:05:04]} {[%emt
00:00:01]} 2. Bg5 {[%clk 00:05:03]} {[%emt 00:00:01]} d5 {[%clk 00:05:05]}
{[%emt 00:00:01]} 3. e3 {[%clk 00:05:04]} {[%emt 00:00:02]} e6 {[%clk
00:05:01]} {[%emt 00:00:06]} 4. c4 {[%clk 00:05:03]} {[%emt 00:00:02]} Be7
{[%clk 00:05:00]} {[%emt 00:00:03]} 5. Nc3 {[%clk 00:05:03]} {[%emt 00:00:03]}
O-O {[%clk 00:05:00]} {[%emt 00:00:02]} 6. cxd5 {[%clk 00:05:03]} exd5 {[%clk
00:05:01]} {[%emt 00:00:01]} 7. Bd3 {[%clk 00:05:01]} {[%emt 00:00:04]} Nbd7
{[%clk 00:05:01]} {[%emt 00:00:02]} 8. Qc2 {[%clk 00:04:56]} {[%emt 00:00:07]}
Re8 {[%clk 00:04:59]} {[%emt 00:00:04]} 9. Nf3 {[%clk 00:04:51]} {[%emt
00:00:07]} c6 {[%clk 00:04:56]} {[%emt 00:00:06]} 10. O-O {[%clk 00:04:35]}
{[%emt 00:00:17]} Nf8 {[%clk 00:04:57]} 11. Rfb1 {[%clk 00:04:32]} {[%emt
00:00:05]} Ne4 {[%clk 00:04:58]} {[%emt 00:00:02]} 12. Bxe7 {[%clk 00:04:13]}
{[%emt 00:00:20]} Qxe7 {[%clk 00:04:59]} {[%emt 00:00:02]} 13. Bxe4 {[%clk
00:04:11]} {[%emt 00:00:04]} dxe4 {[%clk 00:05:00]} 14. Ne5 {[%clk 00:04:10]}
{[%emt 00:00:03]} f6 {[%clk 00:04:52]} {[%emt 00:00:09]} 15. Nc4 {[%clk
00:04:10]} {[%emt 00:00:01]} a5 {[%clk 00:04:15]} {[%emt 00:00:40]} 16. a3
{[%clk 00:03:56]} {[%emt 00:00:16]} Bf5 {[%clk 00:03:48]} {[%emt 00:00:29]} 17.
Nd2 {[%clk 00:03:41]} {[%emt 00:00:17]} h5 {[%clk 00:03:43]} {[%emt 00:00:08]}
18. b4 {[%clk 00:03:31]} {[%emt 00:00:12]} axb4 {[%clk 00:03:35]} {[%emt
00:00:10]} 19. Qb3+ {[%clk 00:03:13]} {[%emt 00:00:20]} Qf7 {[%clk 00:03:01]}
{[%emt 00:00:35]} 20. Qxb4 {[%clk 00:03:11]} {[%emt 00:00:04]} Qg6 {[%clk
00:02:45]} {[%emt 00:00:18]} 21. Qxb7 {[%clk 00:03:02]} {[%emt 00:00:11]} Bh3
{[%clk 00:02:33]} {[%emt 00:00:14]} 22. g3 {[%clk 00:03:03]} {[%emt 00:00:01]}
Kh8 {[%clk 00:02:07]} {[%emt 00:00:28]} 23. Ne2 {[%clk 00:02:56]} {[%emt
00:00:08]} Ne6 {[%clk 00:01:47]} {[%emt 00:00:23]} 24. Qxc6 {[%clk 00:02:43]}
{[%emt 00:00:14]} Bg4 {[%clk 00:01:47]} {[%emt 00:00:02]} 25. d5 {[%clk
00:02:07]} {[%emt 00:00:40]} Rac8 {[%clk 00:01:23]} {[%emt 00:00:26]} 26. Qb5
{[%clk 00:02:05]} {[%emt 00:00:03]} Rc5 {[%clk 00:01:00]} {[%emt 00:00:25]} 27.
Nf4 {[%clk 00:01:52]} {[%emt 00:00:16]} Nxf4 {[%clk 00:00:47]} {[%emt
00:00:15]} 28. Qxc5 {[%clk 00:01:52]} {[%emt 00:00:02]} Nh3+ {[%clk 00:00:47]}
{[%emt 00:00:02]} 29. Kg2 {[%clk 00:01:42]} {[%emt 00:00:12]} Qf5 {[%clk
00:00:37]} {[%emt 00:00:12]} 30. Rf1 {[%clk 00:01:39]} {[%emt 00:00:05]} Re5
{[%clk 00:00:21]} {[%emt 00:00:17]} 31. Qf8+ {[%clk 00:01:27]} {[%emt
00:00:14]} Kh7 {[%clk 00:00:23]} 32. Qb4 {[%clk 00:00:33]} {[%emt 00:00:55]}
Bf3+ {[%clk 00:00:21]} {[%emt 00:00:05]} 33. Nxf3 {[%clk 00:00:31]} {[%emt
00:00:04]} Qxf3+ {[%clk 00:00:22]} {[%emt 00:00:01]} 34. Kxh3 {[%clk 00:00:22]}
{[%emt 00:00:10]} h4 {[%clk 00:00:23]} 35. Qb8 {[%clk 00:00:04]} {[%emt
00:00:20]} Rh5 {[%clk 00:00:19]} {[%emt 00:00:06]} 36. Qe8 {[%clk 00:00:05]}
{[%emt 00:00:01]} Rh6 {[%clk 00:00:14]} {[%emt 00:00:07]} 37. Qxe4+ {[%clk
00:00:03]} {[%emt 00:00:04]} Qxe4 {[%clk 00:00:15]} 38. f3 {[%clk 00:00:03]}
{[%emt 00:00:02]} hxg3+ {[%clk 00:00:13]} {[%emt 00:00:04]} 39. Kxg3 {[%clk
00:00:04]} {[%emt 00:00:01]} Qg6+ {[%clk 00:00:13]} {[%emt 00:00:01]} 40. Kf2
{[%clk 00:00:04]} {[%emt 00:00:03]} Rxh2+ {[%clk 00:00:14]} {[%emt 00:00:01]}
41. Ke1 {[%clk 00:00:05]} Qc2 {[%clk 00:00:15]} {[%emt 00:00:01]} 0-1

[Event "World Youth & Cadets Blitz Championships"]
[Site "Rhodes, Greece"]
[Date "2022.05.03"]
[Round "9.9"]
[White "Toktomushev, Teimur"]
[Black "Gurel, Ediz"]
[Result "0-1"]
[TimeControl "5'/game & 2\"/move"]
[WhiteElo "1960"]
[BlackElo "1726"]

1. d4 {[%clk 00:05:00]} {[%emt 00:00:04]} d5 {[%clk 00:05:04]} 2. c4 {[%clk
00:05:00]} {[%emt 00:00:02]} c6 {[%clk 00:05:05]} 3. Nc3 {[%clk 00:04:59]}
{[%emt 00:00:02]} Nf6 {[%clk 00:05:06]} 4. cxd5 {[%clk 00:04:43]} {[%emt
00:00:19]} cxd5 {[%clk 00:05:05]} 5. Nf3 {[%clk 00:04:19]} {[%emt 00:00:29]}
Nc6 {[%emt 00:00:05]} 6. Bf4 {[%clk 00:04:16]} {[%emt 00:00:02]} Bf5 {[%emt
00:00:12]} 7. e3 {[%clk 00:04:08]} {[%emt 00:00:01]} e6 {[%emt 00:00:24]} 8.
Bd3 {[%clk 00:02:40]} {[%emt 00:01:06]} Bxd3 {[%clk 00:05:06]} 9. Qxd3 {[%clk
00:02:41]} {[%emt 00:00:03]} Bd6 {[%clk 00:05:08]} 10. Bxd6 {[%clk 00:02:33]}
{[%emt 00:00:11]} Qxd6 {[%clk 00:05:09]} 11. O-O {[%clk 00:02:34]} {[%emt
00:00:01]} O-O {[%clk 00:05:08]} 12. Rfc1 {[%clk 00:02:17]} {[%emt 00:00:22]}
Rac8 {[%clk 00:04:57]} 13. Qd1 {[%clk 00:01:44]} {[%emt 00:00:48]} Nd7 {[%emt
00:00:19]} 14. Nd2 {[%clk 00:01:24]} {[%emt 00:00:21]} Nb6 {[%clk 00:04:20]}
{[%emt 00:00:23]} 15. Na4 {[%clk 00:00:52]} {[%emt 00:00:35]} Nxa4 {[%clk
00:03:16]} {[%emt 00:01:06]} 16. Qxa4 {[%clk 00:00:52]} {[%emt 00:00:01]} Qb4
{[%clk 00:03:17]} {[%emt 00:00:01]} 17. Qxb4 {[%clk 00:00:34]} {[%emt
00:00:20]} Nxb4 {[%clk 00:03:18]} {[%emt 00:00:01]} 18. Kf1 {[%clk 00:00:07]}
{[%emt 00:00:29]} Nd3 {[%clk 00:03:02]} {[%emt 00:00:19]} 19. Rc3 {[%clk
00:00:05]} {[%emt 00:00:05]} Nxb2 {[%clk 00:02:49]} {[%emt 00:00:14]} 20. Rac1
{[%clk 00:00:04]} {[%emt 00:00:02]} Rxc3 {[%clk 00:02:17]} {[%emt 00:00:34]} 21.
Rxc3 {[%clk 00:00:05]} b5 {[%clk 00:02:08]} {[%emt 00:00:12]} 22. Rc7 {[%clk
00:00:03]} {[%emt 00:00:04]} a5 {[%clk 00:02:01]} {[%emt 00:00:09]} 23. Ra7
{[%clk 00:00:04]} {[%emt 00:00:01]} a4 {[%clk 00:01:59]} {[%emt 00:00:04]} 24.
Rb7 {[%clk 00:00:04]} {[%emt 00:00:02]} Nc4 {[%clk 00:02:00]} 25. Nb1 {[%clk
00:00:03]} {[%emt 00:00:03]} h6 {[%clk 00:01:53]} {[%emt 00:00:09]} 26. Nc3
{[%clk 00:00:04]} {[%emt 00:00:01]} Rc8 {[%clk 00:01:48]} {[%emt 00:00:06]} 27.
Rxb5 {[%clk 00:00:03]} {[%emt 00:00:03]} Nxe3+ {[%clk 00:01:43]} {[%emt
00:00:08]} 28. fxe3 {[%clk 00:00:04]} Rxc3 {[%clk 00:01:44]} 29. Rb4 {[%clk
00:00:03]} {[%emt 00:00:04]} Ra3 {[%clk 00:01:35]} {[%emt 00:00:10]} 30. Kf2
{[%clk 00:00:04]} Rxa2+ {[%clk 00:01:35]} {[%emt 00:00:03]} 31. Kf3 {[%clk
00:00:06]} a3 {[%clk 00:01:33]} {[%emt 00:00:04]} 32. Ra4 {[%clk 00:00:07]} Ra1
{[%clk 00:01:34]} {[%emt 00:00:01]} 33. Ra8+ {[%clk 00:00:06]} {[%emt
00:00:02]} Kh7 {[%clk 00:01:35]} 34. Kf2 {[%clk 00:00:05]} {[%emt 00:00:04]}
Kg6 {[%emt 00:00:05]} 35. h3 {[%clk 00:00:04]} Kf5 {[%clk 00:01:09]} {[%emt
00:00:21]} 36. Ra7 Ke4 {[%emt 00:00:11]} 37. Rxf7 {[%clk 00:00:04]} Ra2+ {[%clk
00:01:10]} {[%emt 00:00:01]} 38. Kg3 {[%clk 00:00:04]} {[%emt 00:00:01]} 0-1

[Event "World Youth & Cadets Blitz Championships"]
[Site "Rhodes, Greece"]
[Date "2022.05.03"]
[Round "9.10"]
[White "Uritsky, Yonathan"]
[Black "Sapenov, Daniyal"]
[Result "1/2-1/2"]
[TimeControl "5'/game & 2\"/move"]
[WhiteElo "1922"]
[BlackElo "1877"]

1. e4 {[%clk 00:05:03]} c6 {[%clk 00:05:04]} 2. Ne2 {[%clk 00:05:01]} {[%emt
00:00:05]} d5 {[%clk 00:04:56]} {[%emt 00:00:10]} 3. e5 {[%clk 00:05:01]}
{[%emt 00:00:01]} Bf5 {[%clk 00:04:52]} {[%emt 00:00:06]} 4. Ng3 {[%clk
00:05:01]} {[%emt 00:00:02]} Bg6 {[%clk 00:04:51]} {[%emt 00:00:03]} 5. h4
{[%clk 00:05:02]} {[%emt 00:00:01]} h6 {[%emt 00:00:10]} 6. h5 {[%clk
00:05:02]} Bh7 {[%clk 00:04:46]} 7. e6 {[%clk 00:05:03]} fxe6 {[%clk 00:04:40]}
{[%emt 00:00:08]} 8. d4 {[%clk 00:05:04]} {[%emt 00:00:02]} e5 {[%clk
00:04:03]} {[%emt 00:00:38]} 9. dxe5 {[%clk 00:05:04]} {[%emt 00:00:02]} e6
{[%clk 00:04:04]} 10. Bd3 {[%clk 00:05:04]} {[%emt 00:00:02]} Bxd3 {[%clk
00:04:00]} {[%emt 00:00:06]} 11. Qxd3 {[%clk 00:05:05]} {[%emt 00:00:01]} Qe7
{[%clk 00:03:58]} {[%emt 00:00:05]} 12. Nd2 {[%clk 00:04:59]} {[%emt 00:00:08]}
Nd7 {[%clk 00:03:56]} {[%emt 00:00:03]} 13. Nf3 {[%clk 00:05:00]} {[%emt
00:00:01]} O-O-O {[%clk 00:03:53]} {[%emt 00:00:06]} 14. Nh4 {[%clk 00:04:57]}
{[%emt 00:00:04]} Nxe5 {[%clk 00:03:26]} {[%emt 00:00:29]} 15. Qd4 {[%clk
00:04:46]} {[%emt 00:00:13]} Qb4+ {[%clk 00:03:13]} {[%emt 00:00:15]} 16. c3
{[%clk 00:03:32]} {[%emt 00:01:17]} Qxd4 {[%clk 00:03:14]} 17. cxd4 {[%clk
00:03:33]} {[%emt 00:00:01]} Nd3+ {[%clk 00:03:06]} {[%emt 00:00:09]} 18. Ke2
{[%clk 00:03:32]} {[%emt 00:00:03]} Nxc1+ {[%clk 00:03:07]} {[%emt 00:00:02]}
19. Raxc1 {[%clk 00:03:33]} {[%emt 00:00:01]} Nf6 {[%clk 00:03:07]} {[%emt
00:00:02]} 20. Ng6 {[%clk 00:03:24]} {[%emt 00:00:10]} 1/2-1/2

[Event "World Youth & Cadets Blitz Championships"]
[Site "Rhodes, Greece"]
[Date "2022.05.03"]
[Round "9.11"]
[White "Krawczyk, Flawian"]
[Black "Hagner, Bennet"]
[Result "1-0"]
[TimeControl "5'/game & 2\"/move"]
[WhiteElo "1883"]
[BlackElo "2044"]

1. e4 {[%clk 00:05:03]} e5 {[%clk 00:05:04]} {[%emt 00:00:01]} 2. Nf3 {[%clk
00:05:04]} Nc6 {[%clk 00:05:05]} {[%emt 00:00:01]} 3. Bb5 {[%clk 00:05:05]}
{[%emt 00:00:01]} a6 {[%clk 00:05:06]} 4. Ba4 {[%clk 00:05:06]} {[%emt
00:00:01]} Nf6 {[%clk 00:05:07]} {[%emt 00:00:01]} 5. d3 {[%clk 00:04:52]}
{[%emt 00:00:16]} b5 {[%clk 00:05:04]} {[%emt 00:00:04]} 6. Bb3 {[%clk
00:04:54]} {[%emt 00:00:01]} Be7 {[%clk 00:04:56]} {[%emt 00:00:10]} 7. Nc3
{[%clk 00:04:51]} {[%emt 00:00:05]} d6 {[%clk 00:04:51]} {[%emt 00:00:07]} 8.
Nd5 {[%clk 00:04:48]} {[%emt 00:00:04]} Na5 {[%clk 00:04:06]} {[%emt 00:00:48]}
9. Nxe7 {[%clk 00:04:34]} {[%emt 00:00:16]} Qxe7 {[%clk 00:04:05]} {[%emt
00:00:03]} 10. c3 {[%clk 00:04:34]} {[%emt 00:00:02]} Nxb3 {[%clk 00:04:04]}
{[%emt 00:00:02]} 11. axb3 {[%clk 00:04:35]} {[%emt 00:00:02]} O-O {[%clk
00:04:03]} {[%emt 00:00:03]} 12. O-O {[%clk 00:04:35]} {[%emt 00:00:02]} d5
{[%clk 00:03:35]} {[%emt 00:00:30]} 13. exd5 {[%clk 00:04:24]} {[%emt
00:00:12]} Nxd5 {[%clk 00:03:34]} {[%emt 00:00:04]} 14. Re1 {[%clk 00:04:24]}
{[%emt 00:00:02]} Bg4 {[%clk 00:02:49]} {[%emt 00:00:47]} 15. h3 {[%clk
00:04:26]} Bh5 {[%clk 00:02:50]} 16. g4 {[%clk 00:04:06]} {[%emt 00:00:22]} Bg6
{[%clk 00:02:51]} 17. Rxe5 {[%clk 00:03:48]} {[%emt 00:00:20]} Qd6 {[%clk
00:02:46]} {[%emt 00:00:06]} 18. d4 {[%clk 00:03:08]} {[%emt 00:00:42]} f5
{[%clk 00:02:16]} {[%emt 00:00:32]} 19. c4 {[%clk 00:02:08]} {[%emt 00:01:02]}
fxg4 {[%clk 00:02:09]} {[%emt 00:00:10]} 20. Rxd5 {[%clk 00:01:24]} {[%emt
00:00:46]} Qf6 {[%clk 00:02:09]} {[%emt 00:00:01]} 21. hxg4 {[%clk 00:01:25]}
{[%emt 00:00:01]} Be4 {[%clk 00:01:58]} {[%emt 00:00:14]} 22. Bg5 {[%clk
00:01:03]} {[%emt 00:00:24]} Bxf3 {[%clk 00:01:22]} {[%emt 00:00:38]} 23. Bxf6
{[%clk 00:01:03]} {[%emt 00:00:01]} Bxd1 {[%clk 00:01:21]} {[%emt 00:00:03]} 24.
Rxd1 {[%clk 00:01:04]} {[%emt 00:00:02]} Rxf6 {[%clk 00:01:15]} {[%emt
00:00:07]} 25. cxb5 {[%clk 00:01:00]} {[%emt 00:00:07]} Rf4 {[%clk 00:00:49]}
{[%emt 00:00:28]} 26. g5 {[%clk 00:00:56]} {[%emt 00:00:06]} axb5 {[%clk
00:00:31]} {[%emt 00:00:20]} 27. Rxb5 {[%clk 00:00:56]} Rd8 {[%clk 00:00:32]}
{[%emt 00:00:01]} 28. Rc5 {[%clk 00:00:17]} {[%emt 00:00:41]} Rd7 {[%clk
00:00:29]} {[%emt 00:00:05]} 29. Kg2 {[%clk 00:00:15]} {[%emt 00:00:05]} Rdf7
{[%clk 00:00:15]} {[%emt 00:00:16]} 30. Rd2 {[%clk 00:00:16]} Rg4+ {[%clk
00:00:15]} {[%emt 00:00:01]} 31. Kf1 {[%clk 00:00:17]} Rd7 {[%clk 00:00:09]}
{[%emt 00:00:08]} 32. b4 {[%clk 00:00:19]} {[%emt 00:00:01]} Kf7 {[%clk
00:00:10]} {[%emt 00:00:01]} 33. b5 {[%clk 00:00:20]} Kg6 {[%clk 00:00:11]}
{[%emt 00:00:01]} 34. Rdc2 {[%clk 00:00:15]} {[%emt 00:00:07]} Rgxd4 {[%clk
00:00:08]} {[%emt 00:00:04]} 35. Rxc7 {[%clk 00:00:16]} R7d5 {[%clk 00:00:06]}
{[%emt 00:00:04]} 36. b6 {[%clk 00:00:17]} {[%emt 00:00:02]} Rb4 {[%clk
00:00:06]} {[%emt 00:00:03]} 37. R2c6+ {[%clk 00:00:08]} {[%emt 00:00:10]} Kxg5
{[%clk 00:00:06]} {[%emt 00:00:02]} 38. b7 {[%clk 00:00:09]} {[%emt 00:00:01]}
Rdb5 {[%clk 00:00:04]} {[%emt 00:00:04]} 39. Rxg7+ {[%clk 00:00:10]} {[%emt
00:00:01]} Kf4 {[%clk 00:00:04]} {[%emt 00:00:02]} 40. Rxh7 {[%clk 00:00:09]}
{[%emt 00:00:03]} Rxb2 {[%clk 00:00:04]} {[%emt 00:00:02]} 41. Rcc7 {[%clk
00:00:09]} {[%emt 00:00:02]} Rb1+ {[%clk 00:00:03]} {[%emt 00:00:02]} 42. Kg2
{[%clk 00:00:11]} Rg5+ {[%clk 00:00:04]} {[%emt 00:00:01]} 43. Kh2 {[%clk
00:00:12]} Rb2 {[%clk 00:00:05]} {[%emt 00:00:02]} 44. Rhf7+ {[%clk 00:00:12]}
{[%emt 00:00:01]} Ke4 {[%clk 00:00:06]} {[%emt 00:00:01]} 45. Rc8 {[%clk
00:00:08]} {[%emt 00:00:06]} Rgb5 {[%clk 00:00:03]} {[%emt 00:00:05]} 46. Re8+
{[%clk 00:00:08]} {[%emt 00:00:02]} Kd3 {[%clk 00:00:04]} {[%emt 00:00:01]} 47.
Rd7+ {[%clk 00:00:08]} {[%emt 00:00:02]} Kc2 {[%emt 00:00:02]} 48. Ree7 {[%clk
00:00:08]} R2b3 {[%clk 00:00:04]} {[%emt 00:00:03]} 49. Kg2 {[%clk 00:00:09]}
{[%emt 00:00:01]} Rg5 {[%clk 00:00:04]} {[%emt 00:00:03]} 50. Kh2 {[%clk
00:00:09]} Rh5 {[%clk 00:00:04]} {[%emt 00:00:01]} 51. Kg2 {[%clk 00:00:10]}
{[%emt 00:00:01]} Rg5 {[%clk 00:00:06]} 52. Kf1 {[%clk 00:00:12]} Rgb5 {[%clk
00:00:05]} {[%emt 00:00:03]} 53. Ke1 {[%clk 00:00:07]} {[%emt 00:00:06]} Kc1
{[%clk 00:00:05]} {[%emt 00:00:03]} 54. Rd1+ {[%clk 00:00:08]} Kc2 {[%clk
00:00:06]} 55. Re2+ {[%clk 00:00:09]} {[%emt 00:00:01]} Kc3 {[%clk 00:00:07]}
{[%emt 00:00:01]} 56. Re3+ {[%clk 00:00:10]} Kc4 {[%clk 00:00:07]} 57. Rxb3
{[%clk 00:00:11]} {[%emt 00:00:01]} Rxb3 {[%clk 00:00:06]} {[%emt 00:00:03]} 58.
Rd7 {[%clk 00:00:13]} Kc5 {[%clk 00:00:06]} {[%emt 00:00:02]} 59. f4 {[%clk
00:00:12]} {[%emt 00:00:02]} Kc6 {[%clk 00:00:08]} 60. Rh7 {[%clk 00:00:12]}
Rxb7 {[%clk 00:00:08]} {[%emt 00:00:02]} 61. Rxb7 Kxb7 {[%clk 00:00:09]} 62.
Ke2 {[%clk 00:00:15]} Kc6 {[%clk 00:00:10]} {[%emt 00:00:01]} 63. Ke3 {[%clk
00:00:16]} {[%emt 00:00:01]} Kd5 {[%clk 00:00:12]} 64. Kd3 {[%clk 00:00:17]}
Ke6 {[%emt 00:00:05]} 65. Ke4 {[%clk 00:00:19]} Kf6 {[%clk 00:00:10]} 66. f5
{[%clk 00:00:12]} {[%emt 00:00:09]} Kf7 {[%clk 00:00:11]} {[%emt 00:00:01]} 67.
Ke5 {[%clk 00:00:13]} Ke7 {[%clk 00:00:12]} 68. f6+ {[%clk 00:00:14]} Kf7
{[%clk 00:00:13]} 69. Kf5 {[%clk 00:00:15]} {[%emt 00:00:01]} Kf8 {[%clk
00:00:14]} 70. Ke6 {[%emt 00:00:12]} Ke8 {[%clk 00:00:15]} 71. Ke5 {[%clk
00:00:08]} Kf7 {[%clk 00:00:15]} {[%emt 00:00:02]} 72. Kf5 {[%clk 00:00:10]}
Kf8 {[%clk 00:00:16]} 73. Kg6 {[%clk 00:00:11]} Kg8 {[%clk 00:00:17]} 74. Kg5
{[%clk 00:00:12]} Kf8 {[%clk 00:00:19]} {[%emt 00:00:02]} 75. Kf5 {[%clk
00:00:15]} Ke8 {[%clk 00:00:20]} {[%emt 00:00:02]} 76. Ke6 {[%clk 00:00:13]}
1-0